[Event "Pacific Coast U2100 op 18th"]
[Site "Agoura Hills"]
[Date "2013.07.19"]
[Round "2.25"]
[White "Ceballos, Miguel Angel"]
[Black "Becker, Brett"]
[Result "1-0"]
[WhiteElo "2001"]
[BlackElo "1889"]
[PlyCount "73"]
[EventDate "2013.07.18"]
[EventType "swiss"]
[EventRounds "6"]
[EventCountry "USA"]
[SourceTitle "EXT 2024"]
[Source "ChessBase"]
[SourceDate "2023.10.10"]
[SourceVersion "1"]
[SourceVersionDate "2023.10.10"]
[SourceQuality "1"]

1. e4 e6 2. d4 d5 3. e5 c5 4. c3 Nc6 5. f4 cxd4 6. cxd4 f6 7. Nf3 fxe5 8. fxe5 Nge7 9. Bd3 Nb4 10. 0-0 Nxd3 11. Qxd3 Qb6 12. Nc3 Ng6 13. Kh1 Be7 14. Ng5 Rf8 15. Rxf8+ Nxf8 16. Nxh7 Nxh7 17. Qg6+ Kd7 18. Qxh7 Qxd4 19. Qxg7 Qh4 20. Be3 b6 21. Nb5 Ba6 22. Nd6 Rh8 23. h3 Rh7 24. Qg6 Bxd6 25. exd6 Kxd6 26. Bf4+ Kd7 27. Rc1 Bc4 28. b3 Qxf4 29. Qxh7+ Kd6 30. Qc2 Qg3 31. bxc4 d4 32. Rd1 e5 33. Qe4 Kc7 34. Re1 Qf2 35. Qxe5+ Kb7 36. Qd5+ Ka6 37. Qb5+ 1-0